000 00385nam a2200145 a 4500
001 6007
003 CDMR
005 20130306111018.0
008 130220s1986||||||||||||||||||||||||||||d
040 _aCDMR
_bcat
_cCPC LLEIDA
100 1 _aVirgili, Lluís
_92825
245 1 0 _aArtur Vives i Brunet
_bMiscel·lània
_cVIRGILI, Lluís
260 _aLleida
_bVirgili&Pagès
_c1986
942 _cMON
_2udc
999 _c6007
_d6007